Welcome to your brain : (Record no. 248)

000 -LEADER
fixed length control field 02839cam a2200493 a 4500
001 - CONTROL NUMBER
control field 14905324
003 - CONTROL NUMBER IDENTIFIER
control field OSt
005 - DATE AND TIME OF LATEST TRANSACTION
control field 20210419055334.0
008 - FIXED-LENGTH DATA ELEMENTS--GENERAL INFORMATION
fixed length control field 070627s2008 nyua 001 0 eng
010 ## - LIBRARY OF CONGRESS CONTROL NUMBER
LC control number 2007026739
020 ## - INTERNATIONAL STANDARD BOOK NUMBER
International Standard Book Number 9781596912830
020 ## - INTERNATIONAL STANDARD BOOK NUMBER
International Standard Book Number 1596912839
035 ## - SYSTEM CONTROL NUMBER
System control number (OCoLC)ocn148729954
035 ## - SYSTEM CONTROL NUMBER
System control number (OCoLC)148729954
Canceled/invalid control number (OCoLC)154782335
040 ## - CATALOGING SOURCE
Original cataloging agency DLC
Transcribing agency DLC
Modifying agency BAKER
-- BTCTA
-- YDXCP
-- IK2
-- C#P
-- BWX
-- BUR
-- IXA
-- VP@
-- CHA
-- CDX
-- DLC
041 ## - LANGUAGE CODE
Language code of text/sound track or separate title eng
050 00 - LIBRARY OF CONGRESS CALL NUMBER
Classification number QP376
Item number .A222 2008
080 ## - UNIVERSAL DECIMAL CLASSIFICATION NUMBER
Universal Decimal Classification number 616.8
Item number A-11
082 00 - DEWEY DECIMAL CLASSIFICATION NUMBER
Classification number 612.8/2
Edition number 22
100 1# - MAIN ENTRY--PERSONAL NAME
Personal name Aamodt, Sandra.
245 10 - TITLE STATEMENT
Title Welcome to your brain :
Remainder of title why you lose your car keys but never forget how to drive and other puzzles of everyday life /
Statement of responsibility, etc. Sandra Aamodt and Sam Wang.
250 ## - EDITION STATEMENT
Edition statement 1st U.S. ed.
260 ## - PUBLICATION, DISTRIBUTION, ETC.
Place of publication, distribution, etc. New York :
Name of publisher, distributor, etc. Bloomsbury :
-- Distributed to the trade by Macmillan,
Date of publication, distribution, etc. c2008.
300 ## - PHYSICAL DESCRIPTION
Extent xx, 220 p. :
Other physical details ill. ;
Dimensions 25 cm.
365 ## - TRADE PRICE
Price amount 24.95 usd
500 ## - GENERAL NOTE
General note Includes index.
520 ## - SUMMARY, ETC.
Summary, etc. We use our brains at practically every moment of our lives, and yet few of us have the first idea how they work. Much of what we think we know comes from folklore: that we only use 10 percent of our brain, or that drinking kills brain cells. These and other myths are wrong, as shown by neuroscientists who have spent decades studying this complex organ. However, most of what they have learned is not known to the world outside their laboratories. Here, the authors dispel common myths about the brain and provide a comprehensive, useful overview of how it really works. You'll discover how to cope with jet lag, how your brain affects your religion, and how men's and women's brains differ. With accessible prose decorated by charts, trivia, quizzes, and illustrations, this book is suitable for quick reference or extended reading.--From publisher description.
650 #0 - SUBJECT ADDED ENTRY--TOPICAL TERM
Topical term or geographic name entry element Brain
Form subdivision Popular works.
650 #0 - SUBJECT ADDED ENTRY--TOPICAL TERM
Topical term or geographic name entry element Neurophysiology
Form subdivision Popular works.
650 #0 - SUBJECT ADDED ENTRY--TOPICAL TERM
Topical term or geographic name entry element Medicine
9 (RLIN) 69
650 #0 - SUBJECT ADDED ENTRY--TOPICAL TERM
Topical term or geographic name entry element Neurology
9 (RLIN) 100
653 ## - INDEX TERM--UNCONTROLLED
Uncontrolled term მედიცინა
653 ## - INDEX TERM--UNCONTROLLED
Uncontrolled term ნევროლოგია
653 ## - INDEX TERM--UNCONTROLLED
Uncontrolled term თავის ტვინი
653 ## - INDEX TERM--UNCONTROLLED
Uncontrolled term ნეიროფიზიოლოგია
700 1# - ADDED ENTRY--PERSONAL NAME
Personal name Wang, Sam,
Dates associated with a name 1967-
856 41 - ELECTRONIC LOCATION AND ACCESS
Materials specified Table of contents only
Uniform Resource Identifier <a href="http://www.loc.gov/catdir/toc/fy0904/2007026739.html">http://www.loc.gov/catdir/toc/fy0904/2007026739.html</a>
856 42 - ELECTRONIC LOCATION AND ACCESS
Materials specified Contributor biographical information
Uniform Resource Identifier <a href="http://www.loc.gov/catdir/enhancements/fy0743/2007026739-b.html">http://www.loc.gov/catdir/enhancements/fy0743/2007026739-b.html</a>
856 42 - ELECTRONIC LOCATION AND ACCESS
Materials specified Publisher description
Uniform Resource Identifier <a href="http://www.loc.gov/catdir/enhancements/fy0743/2007026739-d.html">http://www.loc.gov/catdir/enhancements/fy0743/2007026739-d.html</a>
856 41 - ELECTRONIC LOCATION AND ACCESS
Materials specified Sample text
Uniform Resource Identifier <a href="http://www.loc.gov/catdir/enhancements/fy0743/2007026739-s.html">http://www.loc.gov/catdir/enhancements/fy0743/2007026739-s.html</a>
906 ## - LOCAL DATA ELEMENT F, LDF (RLIN)
a 7
b cbc
c orignew
d 1
e ecip
f 20
g y-gencatlg
942 ## - ADDED ENTRY ELEMENTS (KOHA)
Source of classification or shelving scheme
Koha item type Books
Edition 1
Holdings
Withdrawn status Lost status Source of classification or shelving scheme Damaged status Not for loan Permanent location Current location Date acquired Inventory number Full call number Barcode Date last seen Price effective from Koha item type
          Ken Walker International University Ken Walker International University 11/13/2020 249 616.8 A-11 249 11/13/2020 11/13/2020 Books

Powered by Koha